[Event "XI Festival A"]
[Site "Verona ITA"]
[Date "2005.01.07"]
[Round "7"]
[White "Santurbano, Maria Vincenza"]
[Black "Pechy, Alaster"]
[Result "1/2-1/2"]
[WhiteElo "1984"]
[BlackElo "2176"]
[PlyCount "43"]
[EventDate "2005.01.02"]

1. e4 c5 2. Nf3 Nc6 3. c3 g6 4. d4 cxd4 5. cxd4 Bg7 6. Bc4 Qb6 7. e5 Qb4+ 8.
Nbd2 d5 9. a3 Qa5 10. Ba2 Bg4 11. b4 Qd8 12. Qb3 e6 13. O-O Rc8 14. Rd1 Qb6 15.
h3 Bxf3 16. Nxf3 Nge7 17. Be3 O-O 18. Rac1 Nf5 19. Rc5 a5 20. Rdc1 axb4 21.
axb4 Nxe3 22. fxe3 1/2-1/2

[Event "XI Festival A"]
[Site "Verona ITA"]
[Date "2005.01.07"]
[Round "7"]
[White "Scharrer, Patrick"]
[Black "Esposito, Luca"]
[Result "1-0"]
[WhiteElo "2206"]
[BlackElo "2212"]
[PlyCount "86"]
[EventDate "2005.01.02"]

1. e4 c5 2. Nf3 d6 3. d4 cxd4 4. Nxd4 Nf6 5. Nc3 Nc6 6. f3 e6 7. Be3 Be7 8. Qd2
O-O 9. g4 d5 10. g5 Nxd4 11. Qxd4 Nh5 12. f4 dxe4 13. Qxe4 g6 14. Rg1 e5 15.
Nd5 Bf5 16. Nxe7+ Qxe7 17. Qxe5 Qb4+ 18. Qc3 Qd6 19. Rd1 Qe7 20. Qe5 Qb4+ 21.
Qc3 Qe7 22. Qe5 Qxe5 23. fxe5 Rfe8 24. Rd5 Bxc2 25. Bg2 Rac8 26. Kd2 Bf5 27.
Rc1 b6 28. Rc3 Ng7 29. a4 Rxc3 30. Kxc3 Rc8+ 31. Kb4 Be6 32. Rd2 Nf5 33. Bf2
Rc4+ 34. Kb5 Rg4 35. Bh3 Re4 36. Bxf5 Rxe5+ 37. Kc6 Rxf5 38. Rd8+ Kg7 39. Bd4+
f6 40. Bxf6+ Kf7 41. Rh8 Rc5+ 42. Kb7 h5 43. Rh7+ Ke8 1-0

[Event "XI Festival A"]
[Site "Verona ITA"]
[Date "2005.01.07"]
[Round "7"]
[White "Skembris, Spyridon"]
[Black "Lazic, Miroljub"]
[Result "1/2-1/2"]
[WhiteElo "2445"]
[BlackElo "2517"]
[PlyCount "39"]
[EventDate "2005.01.02"]

1. d4 d6 2. c4 e5 3. Nf3 e4 4. Ng5 f5 5. Nc3 c6 6. Nh3 Be7 7. e3 Nf6 8. Nf4 O-O
9. h4 Na6 10. Be2 Nc7 11. Qb3 Rb8 12. Bd2 Ne6 13. d5 Nxf4 14. exf4 c5 15. h5
Bd7 16. a4 h6 17. O-O-O a6 18. Rde1 b6 19. f3 exf3 20. Bxf3 1/2-1/2

[Event "XI Festival A"]
[Site "Verona ITA"]
[Date "2005.01.07"]
[Round "7"]
[White "Stojanovic, Mihajlo"]
[Black "Godena, Michele"]
[Result "1/2-1/2"]
[WhiteElo "2515"]
[BlackElo "2544"]
[PlyCount "71"]
[EventDate "2005.01.02"]

1. d4 d5 2. c4 c6 3. cxd5 cxd5 4. Nf3 Nc6 5. Nc3 Nf6 6. Bf4 Bf5 7. e3 e6 8. Qb3
Bb4 9. Bb5 O-O 10. O-O Bxc3 11. Qxc3 Rc8 12. Rfc1 Qb6 13. Qc5 Nxd4 14. Qxb6
Nxf3+ 15. gxf3 axb6 16. Bc7 Ne8 17. Bxb6 Nd6 18. Be2 Nc4 19. Bd4 Rfe8 20. b3 e5
21. bxc4 exd4 22. cxd5 d3 23. Bf1 d2 24. Rd1 Rc2 25. e4 Bd7 26. Bd3 Rb2 27. a4
f5 28. Kg2 Ra8 29. a5 Rc8 30. e5 Rc5 31. e6 Rxd5 32. Bc4 Bxe6 33. Ra2 Rxa2 34.
Bxa2 Rd6 35. Bxe6+ Rxe6 36. Rxd2 1/2-1/2

[Event "XI Festival A"]
[Site "Verona ITA"]
[Date "2005.01.07"]
[Round "7"]
[White "Trabert, Bettina"]
[Black "De Santis, Alessio"]
[Result "1/2-1/2"]
[WhiteElo "2357"]
[BlackElo "2293"]
[PlyCount "82"]
[EventDate "2005.01.02"]

1. e4 c5 2. Nf3 e6 3. d4 cxd4 4. Nxd4 a6 5. Bd3 Qc7 6. O-O Nf6 7. Qe2 d6 8. c4
Be7 9. Nc3 Nbd7 10. Rd1 b6 11. Nf3 Bb7 12. Bf4 O-O 13. h3 Rfd8 14. Rac1 Ne5 15.
b3 Nxf3+ 16. Qxf3 Nd7 17. Bb1 Ne5 18. Qg3 Rac8 19. Be3 Bc6 20. f4 Nd7 21. Nd5
exd5 22. cxd5 Qb7 23. dxc6 Rxc6 24. Rxc6 Qxc6 25. Bd4 g6 26. Kh1 b5 27. Qe1 Re8
28. Rc1 Qb7 29. Qc3 Nc5 30. Qe3 Ne6 31. Bb2 Bf8 32. f5 Bg7 33. Bxg7 Nxg7 34.
Qd3 Rc8 35. Rd1 Ne8 36. b4 Qc7 37. fxg6 hxg6 38. Qf3 Qc3 39. Qg4 Nf6 40. Qh4
Qe5 41. Qe1 Re8 1/2-1/2

[Event "XI Festival A"]
[Site "Verona ITA"]
[Date "2005.01.07"]
[Round "7"]
[White "Vocaturo, Daniele"]
[Black "Borgo, Giulio"]
[Result "1-0"]
[WhiteElo "2276"]
[BlackElo "2381"]
[PlyCount "158"]
[EventDate "2005.01.02"]

1. e4 e6 2. d4 d5 3. Nc3 Nc6 4. e5 Bd7 5. Nf3 Qe7 6. Bb5 O-O-O 7. O-O f6 8. Re1
Qf7 9. Qe2 Nge7 10. a3 h6 11. b4 f5 12. Na4 Nb8 13. Nc5 Bxb5 14. Qxb5 b6 15.
Nb3 Qe8 16. a4 Qxb5 17. axb5 Kb7 18. Bd2 g5 19. Ra4 Rg8 20. Rea1 Nc8 21. Ne1 c6
22. bxc6+ Kxc6 23. Kf1 a6 24. Ke2 Na7 25. Nd3 Nb5 26. Rh1 Rd7 27. h4 Nc7 28.
hxg5 hxg5 29. Rh5 Rdg7 30. Ra1 Kb5 31. Rah1 Nc6 32. c3 Be7 33. Rh6 Nd8 34. Kd1
Nf7 35. R6h5 Rg6 36. Kc2 Ne8 37. Nb2 Ng7 38. Rh7 Rc8 39. Kd3 g4 40. Bh6 Nxh6
41. R7xh6 Rxh6 42. Rxh6 Rf8 43. Rh7 Rf7 44. Kc2 Bg5 45. Nd3 f4 46. Rh8 f3 47.
g3 Nf5 48. Rg8 Rg7 49. Re8 Re7 50. Rb8 Kc6 51. Ra8 Kb7 52. Rg8 Rg7 53. Re8 Ne7
54. Rd8 Kc7 55. Ra8 Kb7 56. Rd8 Nf5 57. Re8 Rg6 58. Nd2 Ne7 59. Rd8 Kc7 60. Ra8
Kb7 61. Rd8 Nf5 62. Re8 Kc6 63. Rc8+ Kb5 64. Nb1 a5 65. bxa5 bxa5 66. Na3+ Kb6
67. Rb8+ Ka7 68. Rb5 Bd8 69. Nc5 Bb6 70. Nd7 Nxd4+ 71. cxd4 Bxd4 72. Rxa5+ Kb7
73. Nc5+ Kb6 74. Rb5+ Kc6 75. Nd3 Rg5 76. Ra5 Kb6 77. Ra8 Bxe5 78. Re8 Ka5 79.
Rxe6 Bd4 1-0

[Event "XI Festival A"]
[Site "Verona ITA"]
[Date "2005.01.08"]
[Round "8"]
[White "Bertani, Gianfranco"]
[Black "Petraki, Maria"]
[Result "1-0"]
[WhiteElo "2123"]
[BlackElo "2128"]
[PlyCount "92"]
[EventDate "2005.01.02"]

1. Nf3 c5 2. e4 d6 3. d3 g6 4. Be2 Bg7 5. c3 Nf6 6. Nbd2 O-O 7. O-O e5 8. b4 b6
9. a4 Nc6 10. Nc4 Qc7 11. b5 Ne7 12. Bg5 d5 13. Ncd2 h6 14. Bh4 Be6 15. Qc2 Nh5
16. Rfe1 Nf4 17. Bf1 g5 18. Bg3 Rad8 19. Rac1 Rd7 20. Bxf4 exf4 21. h3 f5 22.
exd5 Bxd5 23. c4 Bf7 24. Nb3 g4 25. Nh2 h5 26. d4 cxd4 27. Bd3 f3 28. Bxf5 Rd6
29. Bh7+ Kh8 30. Be4 gxh3 31. Nxf3 Rg8 32. g3 Bh6 33. Rcd1 Rf6 34. Kh2 Ng6 35.
Nbxd4 Ne5 36. Nxe5 Qxe5 37. Bh7 Qg5 38. Bxg8 Bxg8 39. Nc6 Qc5 40. Re2 Bg7 41.
Rd8 Rd6 42. Ree8 Rxd8 43. Nxd8 Bf6 44. Rxg8+ Kxg8 45. Qg6+ Bg7 46. Qxg7+ Kxg7
1-0

[Event "XI Festival A"]
[Site "Verona ITA"]
[Date "2005.01.08"]
[Round "8"]
[White "Borgo, Giulio"]
[Black "Bruno, Fabio"]
[Result "1-0"]
[WhiteElo "2381"]
[BlackElo "2379"]
[PlyCount "47"]
[EventDate "2005.01.02"]

1. Nf3 d5 2. d4 Nf6 3. c4 c6 4. e3 e6 5. Nbd2 a6 6. Bd3 c5 7. b3 Nc6 8. Bb2 Be7
9. O-O O-O 10. Rc1 dxc4 11. Nxc4 Nd7 12. Be4 Nb4 13. a3 Nd5 14. Bb1 g6 15. dxc5
Nxc5 16. b4 Nd7 17. e4 Nc7 18. Qd2 Ne8 19. Rfd1 f6 20. Na5 Nd6 21. Ba2 Nb6 22.
Qh6 Qe8 23. Ng5 Rf7 24. Rxc8 1-0

[Event "XI Festival A"]
[Site "Verona ITA"]
[Date "2005.01.08"]
[Round "8"]
[White "Brunello, Sabino"]
[Black "Stojanovic, Mihajlo"]
[Result "1/2-1/2"]
[WhiteElo "2268"]
[BlackElo "2515"]
[PlyCount "83"]
[EventDate "2005.01.02"]

1. e4 e6 2. d4 d5 3. e5 Ne7 4. Nf3 b6 5. Nc3 Qd7 6. h4 Ba6 7. h5 Bxf1 8. Kxf1
h6 9. g3 c5 10. Ne2 cxd4 11. Nexd4 Nec6 12. Kg2 Nxd4 13. Qxd4 Qc7 14. Bd2 Nd7
15. Rhe1 Qc4 16. Qxc4 dxc4 17. a4 Be7 18. Re4 Rc8 19. Rg4 Kf8 20. Bc3 a6 21.
Rd1 Rc7 22. Rgd4 Ke8 23. Rg4 Rg8 24. Nd2 b5 25. axb5 axb5 26. Ne4 g5 27. Nd6+
Bxd6 28. Rxd6 Ke7 29. Ra6 f5 30. Rd4 Kf7 31. Rdd6 Re8 32. f4 gxf4 33. gxf4 Nc5
34. Rac6 Rxc6 35. Rxc6 Ne4 36. Rc7+ Re7 37. Rxe7+ Kxe7 38. Bb4+ Kf7 39. Kf3 Ke8
40. Kg2 Kf7 41. Kf3 Ke8 42. Kg2 1/2-1/2

[Event "XI Festival A"]
[Site "Verona ITA"]
[Date "2005.01.08"]
[Round "8"]
[White "Capitelli, Paolo"]
[Black "Guido, Flavio"]
[Result "0-1"]
[WhiteElo "2161"]
[BlackElo "2342"]
[PlyCount "72"]
[EventDate "2005.01.02"]

1. e4 c5 2. Nf3 e6 3. d4 cxd4 4. Nxd4 Nf6 5. Nc3 d6 6. Be2 a6 7. a4 Qc7 8. O-O
b6 9. f4 Bb7 10. Bf3 Be7 11. e5 dxe5 12. fxe5 Nfd7 13. Bxb7 Qxb7 14. Qg4 Bc5
15. Kh1 Bxd4 16. Qxd4 O-O 17. Bf4 Nc6 18. Qe3 Qc7 19. Rae1 Rfd8 20. Qg3 Nf8 21.
Ne4 Ng6 22. Ng5 Rd4 23. Be3 Rd7 24. Qh3 h6 25. Nxe6 fxe6 26. Qxe6+ Kh7 27. Bxb6
Qb7 28. Bc5 Rd2 29. Rf7 Nd8 30. Rxb7 Nxe6 31. Ba3 Rxc2 32. Rb6 Nef4 33. g3 Nd3
34. Re3 Ndxe5 35. Rb7 Rd8 36. Bb4 Rxb2 0-1

[Event "XI Festival A"]
[Site "Verona ITA"]
[Date "2005.01.08"]
[Round "8"]
[White "De Santis, Alessio"]
[Black "D'Innocente, Stefano"]
[Result "1/2-1/2"]
[WhiteElo "2293"]
[BlackElo "2280"]
[PlyCount "41"]
[EventDate "2005.01.02"]

1. d4 d5 2. c4 c6 3. Nc3 Nf6 4. e3 h6 5. Bd3 b5 6. cxb5 cxb5 7. f3 Bb7 8. Nge2
e6 9. O-O Be7 10. a3 O-O 11. g4 Nbd7 12. Ng3 Qb6 13. g5 Ne8 14. f4 f5 15. Bd2
Nd6 16. Qe1 Nc4 17. Nd1 Rac8 18. Bb4 Bxb4 19. Qxb4 a5 20. Qe1 Rc7 21. Rf2
1/2-1/2

[Event "XI Festival A"]
[Site "Verona ITA"]
[Date "2005.01.08"]
[Round "8"]
[White "Delizia, Costantino"]
[Black "Cocchi, Andrea"]
[Result "0-1"]
[WhiteElo "2152"]
[BlackElo "2290"]
[PlyCount "208"]
[EventDate "2005.01.02"]

1. e4 c6 2. d4 d5 3. Nd2 dxe4 4. Nxe4 Nf6 5. Nxf6+ gxf6 6. c3 Qd5 7. Nf3 Bg4 8.
Be2 Nd7 9. O-O O-O-O 10. Bf4 Nb6 11. Nh4 Bxe2 12. Qxe2 e6 13. Qf3 Be7 14. Qxd5
cxd5 15. Nf3 Kd7 16. Nd2 Na4 17. Rab1 Rc8 18. Rfe1 Rc6 19. Re3 Rcc8 20. Kf1 b5
21. a3 Bd8 22. Nb3 Bb6 23. Rh3 h5 24. Rd3 a5 25. Ke2 Rcg8 26. Kf1 Rc8 27. Ke2
Kc6 28. Kf1 Bd8 29. Rg3 Rh7 30. Rg8 Kd7 31. Nc1 Bb6 32. Rxc8 Kxc8 33. Nd3 Kd7
34. Rc1 Bd8 35. Rc2 Be7 36. Re2 Nb6 37. Re3 Nc4 38. Rg3 Rh8 39. Bc1 Bd6 40. f4
Be7 41. Rg7 Nd6 42. Rg3 Nf5 43. Rf3 b4 44. axb4 axb4 45. Nxb4 Bxb4 46. cxb4
Nxd4 47. Ra3 Nb5 48. Ra5 Kc6 49. Be3 d4 50. Bd2 Kb6 51. Ke2 Rg8 52. g3 h4 53.
Be1 h3 54. Kd3 Rc8 55. Ra1 e5 56. Bd2 Re8 57. Re1 Kc6 58. fxe5 fxe5 59. Re4 Kd5
60. Rh4 e4+ 61. Ke2 f5 62. Rxh3 e3 63. Be1 Rc8 64. Rh5 Ke4 65. Rh4+ Ke5 66. Rh7
Rc2+ 67. Kd3 Rc1 68. Ke2 Rb1 69. Re7+ Kd5 70. h4 Rxb2+ 71. Kd3 Rb1 72. Ke2 d3+
73. Kxd3 Rxe1 74. Rxe3 Rg1 75. Ke2 Nd6 76. Rf3 Ke5 77. Rb3 Nb5 78. Kf2 Rc1 79.
Re3+ Kd5 80. Kf3 Rc4 81. h5 Nd4+ 82. Kg2 Rxb4 83. Kh3 Ne6 84. Kg2 Rg4 85. Kf2
Rg5 86. Rd3+ Ke5 87. Ra3 Kf6 88. h6 Rh5 89. Ra6 Rxh6 90. Kf3 Rg6 91. Ra5 Rg4
92. Ra3 Ng5+ 93. Kg2 Ne4 94. Kh2 Rg8 95. Kh3 Kg5 96. Ra7 Rh8+ 97. Kg2 Kg4 98.
Rg7+ Ng5 99. Ra7 Rd8 100. Ra4+ Ne4 101. Ra3 Rd2+ 102. Kh1 Kh3 103. g4+ Ng3+
104. Kg1 Rg2# 0-1

[Event "XI Festival A"]
[Site "Verona ITA"]
[Date "2005.01.08"]
[Round "8"]
[White "Esposito, Luca"]
[Black "Popa, Florin"]
[Result "1-0"]
[WhiteElo "2212"]
[BlackElo "2216"]
[PlyCount "79"]
[EventDate "2005.01.02"]

1. d4 g6 2. c4 Bg7 3. e4 d6 4. Nc3 Nd7 5. Nf3 e5 6. Bg5 f6 7. Bh4 Ne7 8. Be2 c6
9. O-O h5 10. Bg3 Qb6 11. c5 dxc5 12. dxe5 Nxe5 13. Nxe5 fxe5 14. Bh4 Qc7 15.
Na4 b6 16. Qb3 Rf8 17. Rad1 Bf6 18. Bxf6 Rxf6 19. Rd2 Be6 20. Qg3 Rd8 21. Rxd8+
Kxd8 22. Qg5 Rf8 23. g3 Ke8 24. f4 exf4 25. gxf4 Qd6 26. Nc3 Qd2 27. Qg3 h4 28.
Qxh4 Qxb2 29. Qg3 Rg8 30. Kh1 b5 31. f5 gxf5 32. Qe5 b4 33. Qxe6 bxc3 34. exf5
Rh8 35. f6 Qb7 36. fxe7 Qxe7 37. Qc8+ Qd8 38. Bh5+ Ke7 39. Re1+ Kf6 40. Qe6+
1-0

[Event "XI Festival A"]
[Site "Verona ITA"]
[Date "2005.01.08"]
[Round "8"]
[White "Facchetti, Gianni"]
[Black "Scharrer, Patrick"]
[Result "0-1"]
[WhiteElo "2162"]
[BlackElo "2206"]
[PlyCount "117"]
[EventDate "2005.01.02"]

1. e4 c5 2. Nf3 g6 3. d3 Bg7 4. c3 d5 5. Nbd2 Nc6 6. Be2 e6 7. Qc2 Nge7 8. O-O
O-O 9. Re1 b6 10. Nf1 Bb7 11. Bd2 Rc8 12. a3 h6 13. Rad1 Kh7 14. h4 Qd7 15. h5
g5 16. g4 Bh8 17. Ng3 f5 18. Nh2 Ne5 19. f3 Qc7 20. Kg2 fxe4 21. fxe4 dxe4 22.
dxe4 Rcd8 23. Be3 Rxd1 24. Rxd1 N7c6 25. Nhf1 c4 26. Nd2 b5 27. a4 a6 28. axb5
axb5 29. Rf1 Rd8 30. Kh3 Nd3 31. Nf3 Nce5 32. Nd4 Qd7 33. b3 Ra8 34. bxc4 bxc4
35. Rb1 Nf4+ 36. Bxf4 gxf4 37. Nh1 Nd3 38. Bf3 Ra3 39. Rb6 Ra1 40. Nf2 Rc1 41.
Qd2 Nxf2+ 42. Qxf2 Rxc3 43. Ne2 Rb3 44. Nxf4 Rxb6 45. Qxb6 c3 46. Qb1 Qc7 47.
Ng6 Kg8 48. Bd1 Ba6 49. Qa2 Bf1+ 50. Kh4 Qd8+ 51. Kg3 Qxd1 52. Qxe6+ Kh7 53.
Qf5 Qd3+ 54. Kf4 Qd6+ 55. e5 Qd4+ 56. Kf3 Qd3+ 57. Qxd3 Bxd3 58. Ke3 Bxg6 59.
hxg6+ 0-1

[Event "XI Festival A"]
[Site "Verona ITA"]
[Date "2005.01.08"]
[Round "8"]
[White "Horvath, Jozsef"]
[Black "Vocaturo, Daniele"]
[Result "1-0"]
[WhiteElo "2514"]
[BlackElo "2276"]
[PlyCount "57"]
[EventDate "2005.01.02"]

1. Nf3 d6 2. c4 e5 3. Nc3 f5 4. g3 Nf6 5. Bg2 Be7 6. d3 O-O 7. Rb1 Kh8 8. b4
Qe8 9. b5 Qh5 10. a4 Nbd7 11. h3 Nc5 12. Be3 Ne6 13. Qc1 f4 14. gxf4 exf4 15.
Bxf4 Nxf4 16. Qxf4 Nd5 17. Qd2 Nf4 18. Bf1 Bg4 19. Nh2 Bxh3 20. Nf3 Rae8 21.
Nd5 Qg4 22. Qxf4 Rxf4 23. Bxh3 Qxf3 24. exf3 Bh4+ 25. Kf1 Rxf3 26. Bg4 Rxf2+
27. Kg1 Rd2 28. Rxh4 Rxd3 29. Bf5 1-0

[Event "XI Festival A"]
[Site "Verona ITA"]
[Date "2005.01.08"]
[Round "8"]
[White "Lazic, Miroljub"]
[Black "Buchicchio, Giampaolo"]
[Result "1-0"]
[WhiteElo "2517"]
[BlackElo "2288"]
[PlyCount "75"]
[EventDate "2005.01.02"]

1. d4 d5 2. Nf3 Nf6 3. Bf4 e6 4. e3 Bd6 5. c3 b6 6. Nbd2 c6 7. Ne5 Qe7 8. Bd3
Nfd7 9. Qg4 Bxe5 10. dxe5 f6 11. exf6 Nxf6 12. Qg5 Nbd7 13. Nf3 Nc5 14. Bc2
Nce4 15. Qh4 Bb7 16. Ne5 g5 17. Bxg5 Nxg5 18. Qxg5 Rg8 19. Qh4 Rxg2 20. O-O-O
O-O-O 21. Rhg1 Rdg8 22. Rxg2 Rxg2 23. Bxh7 d4 24. Be4 Rg7 25. Bxc6 dxc3 26. Qc4
cxb2+ 27. Kxb2 Kb8 28. Bxb7 Kxb7 29. Nc6 Qc5 30. Nd8+ Kb8 31. Qxc5 bxc5 32.
Nxe6 Rg2 33. Rd8+ Kb7 34. Nxc5+ Kb6 35. Rd6+ Kxc5 36. Rxf6 Rxh2 37. Kc3 Kd5 38.
Kd3 1-0

[Event "XI Festival A"]
[Site "Verona ITA"]
[Date "2005.01.08"]
[Round "8"]
[White "Lettieri, Giuseppe"]
[Black "Luther, Thomas"]
[Result "1-0"]
[WhiteElo "2202"]
[BlackElo "2543"]
[PlyCount "85"]
[EventDate "2005.01.02"]

1. e4 e6 2. d4 d5 3. Nd2 Nf6 4. e5 Nfd7 5. Bd3 c5 6. c3 Nc6 7. Ne2 cxd4 8. cxd4
f6 9. Nf4 Nxd4 10. Qh5+ Ke7 11. exf6+ Nxf6 12. Ng6+ hxg6 13. Qxh8 Kf7 14. O-O
e5 15. Nf3 Nxf3+ 16. gxf3 Nh5 17. Bxg6+ Kxg6 18. Kh1 Qh4 19. Qxf8 Kh7 20. Rg1
Qh3 21. Qa3 Bf5 22. Bd2 d4 23. Qb3 d3 24. Qxb7 Rb8 25. Qd5 e4 26. Rg5 Qxf3+ 27.
Kg1 Rf8 28. Re1 Rf6 29. Qd4 Rg6 30. Rxg6 Bxg6 31. Qe3 Qg4+ 32. Kh1 Qf5 33. Rc1
Nf6 34. h3 Bh5 35. Rc5 Bf3+ 36. Kh2 Qe6 37. Qg5 Qd6+ 38. Qe5 Qb6 39. Be3 Bh5
40. Qxh5+ Nxh5 41. Rxh5+ Kg6 42. Bxb6 Kxh5 43. Be3 1-0

[Event "XI Festival A"]
[Site "Verona ITA"]
[Date "2005.01.08"]
[Round "8"]
[White "Martinez, Rolly"]
[Black "Godena, Michele"]
[Result "0-1"]
[WhiteElo "2416"]
[BlackElo "2544"]
[PlyCount "122"]
[EventDate "2005.01.02"]

1. e4 e5 2. Nf3 Nc6 3. Nc3 Nf6 4. d4 exd4 5. Nxd4 Bb4 6. Nxc6 bxc6 7. Bd3 d5 8.
exd5 cxd5 9. O-O O-O 10. Bg5 c6 11. Qf3 Bd6 12. Rfe1 Rb8 13. Na4 Be6 14. b3 h6
15. Bf4 c5 16. Bf5 Bxf5 17. Bxd6 Be4 18. Rxe4 dxe4 19. Qd1 Re8 20. Bxb8 Qxb8
21. Qe2 c4 22. Rd1 cxb3 23. axb3 Qf4 24. Qe3 Qc7 25. Qe2 Qf4 26. Qe3 Qf5 27. h3
Nd5 28. Qg3 e3 29. fxe3 Nxe3 30. Re1 Qxc2 31. Qf2 Qxb3 32. Nc5 Qc3 33. Nb7 Qc7
34. Qf3 Qb6 35. Kh1 Re7 36. Nd6 Qxd6 37. Rxe3 Rxe3 38. Qxe3 Qd1+ 39. Kh2 Qd6+
40. Kh1 a5 41. Qe8+ Qf8 42. Qc6 g6 43. Kg1 Qb8 44. Qa4 Qe5 45. Kh1 Qe1+ 46. Kh2
Qe5+ 47. Kg1 Kg7 48. Kh1 Qe1+ 49. Kh2 Qe5+ 50. Kh1 h5 51. Kg1 Qe1+ 52. Kh2 Qe5+
53. Kh1 Qc3 54. Kh2 Qb4 55. Qa1+ Kg8 56. Qe5 a4 57. Qe8+ Kg7 58. Qe5+ Kh7 59.
Qf6 Qb8+ 60. g3 Qb3 61. g4 a3 0-1

[Event "XI Festival A"]
[Site "Verona ITA"]
[Date "2005.01.08"]
[Round "8"]
[White "Miatello, Alberto"]
[Black "Guglielmi, Dante"]
[Result "1-0"]
[WhiteElo "2080"]
[BlackElo "2113"]
[PlyCount "59"]
[EventDate "2005.01.02"]

1. e4 c5 2. Nf3 d6 3. d4 cxd4 4. Nxd4 Nf6 5. Nc3 a6 6. Bc4 e6 7. Bb3 Be7 8. f4
Qc7 9. Qf3 O-O 10. f5 e5 11. Nde2 Nbd7 12. g4 d5 13. Bxd5 Nxd5 14. Nxd5 Qd8 15.
Be3 Bg5 16. Bxg5 Qxg5 17. h4 Qd8 18. g5 Nb6 19. Nec3 Nxd5 20. Nxd5 b5 21. O-O-O
Qa5 22. Kb1 Bb7 23. f6 Bxd5 24. exd5 Rfe8 25. h5 e4 26. Qf5 gxf6 27. Rhg1 Kh8
28. Qxf6+ Kg8 29. h6 Kf8 30. d6 1-0

[Event "XI Festival A"]
[Site "Verona ITA"]
[Date "2005.01.08"]
[Round "8"]
[White "Opacic, Alexandar"]
[Black "Santurbano, Maria Vincenza"]
[Result "1-0"]
[WhiteElo "2140"]
[BlackElo "1984"]
[PlyCount "51"]
[EventDate "2005.01.02"]

1. e4 e5 2. Bc4 Nf6 3. Nc3 Bb4 4. d3 d5 5. exd5 Nxd5 6. Nge2 O-O 7. O-O c6 8.
Bd2 Be6 9. Bb3 Nd7 10. Ne4 Be7 11. c4 N5f6 12. f4 Nc5 13. fxe5 Ncxe4 14. exf6
Bc5+ 15. Kh1 Nf2+ 16. Rxf2 Bxf2 17. Bc3 g6 18. Qd2 Kh8 19. Rf1 Bc5 20. d4 Bd6
21. Qh6 Rg8 22. Nf4 Bxf4 23. Rxf4 Qf8 24. Qg5 h6 25. Rh4 Kh7 26. Bb4 1-0

[Event "XI Festival A"]
[Site "Verona ITA"]
[Date "2005.01.08"]
[Round "8"]
[White "Ortega, Lexy"]
[Black "Skembris, Spyridon"]
[Result "1-0"]
[WhiteElo "2445"]
[BlackElo "2445"]
[PlyCount "85"]
[EventDate "2005.01.02"]

1. d4 Nf6 2. Nf3 e6 3. Bf4 d5 4. e3 c5 5. c3 Nc6 6. Nbd2 Bd6 7. Bg3 Qe7 8. Ne5
Nd7 9. f4 O-O 10. Bd3 f5 11. Ndf3 Nf6 12. Bh4 Qc7 13. Qe2 c4 14. Bc2 b5 15.
Bxf6 gxf6 16. Nxc6 Qxc6 17. h3 Bd7 18. g4 Kh8 19. Rg1 Rg8 20. Kd2 b4 21. gxf5
exf5 22. Nh4 bxc3+ 23. bxc3 Qc7 24. Qf3 Qa5 25. Qh5 Bb4 26. Qh6 Bxc3+ 27. Ke2
Qd8 28. Rab1 Qe7 29. Rxg8+ Rxg8 30. Rb8 Be8 31. Bxf5 Qg7 32. Qxg7+ Kxg7 33.
Rb7+ Kf8 34. Be6 Rg1 35. Bxd5 Re1+ 36. Kf2 Rc1 37. Nf5 Be1+ 38. Kf3 Rc2 39. Rb8
Rf2+ 40. Ke4 c3 41. Bc6 c2 42. Bxe8 c1=Q 43. Bh5+ 1-0

[Event "XI Festival A"]
[Site "Verona ITA"]
[Date "2005.01.08"]
[Round "8"]
[White "Pechy, Alaster"]
[Black "Danieli, Enrico"]
[Result "1/2-1/2"]
[WhiteElo "2176"]
[BlackElo "2150"]
[PlyCount "81"]
[EventDate "2005.01.02"]

1. e4 d5 2. exd5 Nf6 3. c4 e6 4. d4 exd5 5. Nc3 Bb4 6. a3 Bxc3+ 7. bxc3 O-O 8.
Bd3 Re8+ 9. Ne2 c5 10. O-O dxc4 11. Bxc4 Nc6 12. Rb1 cxd4 13. cxd4 b6 14. Bb5
Bb7 15. Be3 Nd5 16. Rc1 Rxe3 17. Bxc6 Bxc6 18. fxe3 Nxe3 19. Qd3 Qg5 20. Rf2
Bxg2 21. h4 Qxh4 22. Rxg2 Nxg2 23. Kxg2 Re8 24. Rh1 Qg5+ 25. Kf2 h5 26. Qf3 g6
27. Rg1 Qh4+ 28. Qg3 Qe7 29. Qf3 h4 30. Nf4 Qd6 31. Ne2 Re6 32. Rg4 Rf6 33. Rf4
Rxf4 34. Qxf4 Qxa3 35. Qxh4 Qd3 36. Qd8+ Kg7 37. d5 Qf5+ 38. Ke3 Qe5+ 39. Kd3
Qf5+ 40. Kd2 b5 41. d6 1/2-1/2

[Event "XI Festival A"]
[Site "Verona ITA"]
[Date "2005.01.08"]
[Round "8"]
[White "Perryman, Marcus"]
[Black "Astengo, Corrado"]
[Result "1/2-1/2"]
[WhiteElo "2077"]
[BlackElo "2139"]
[PlyCount "91"]
[EventDate "2005.01.02"]

1. e4 c5 2. Nf3 d6 3. d4 cxd4 4. Nxd4 Nf6 5. Nc3 a6 6. Be3 e5 7. Nb3 Be6 8. f3
Be7 9. Qd2 Nbd7 10. g4 b5 11. g5 Nh5 12. O-O-O Nb6 13. Kb1 Rc8 14. Rg1 O-O 15.
Nd5 Bxd5 16. exd5 Nc4 17. Bxc4 bxc4 18. Nc1 c3 19. bxc3 Qa5 20. Nb3 Qxc3 21.
Qxc3 Rxc3 22. Rde1 Rb8 23. Kb2 Rc4 24. Rg4 Rbb4 25. Rxc4 Rxc4 26. Na5 Rh4 27.
Nc6 Kf8 28. Kc3 Nf4 29. Bxf4 Rxf4 30. Rb1 Rxf3+ 31. Kc4 Rf4+ 32. Kd3 f5 33.
Rb8+ Kf7 34. Rb7 Ra4 35. Nxe7 Ra3+ 36. Kd2 f4 37. Nf5+ Kg6 38. Nxd6 Ra5 39. c4
Rxa2+ 40. Ke1 f3 41. Re7 Re2+ 42. Kf1 Kxg5 43. Rxg7+ Kf4 44. Rf7+ Ke3 45. Re7
Rf2+ 46. Kg1 1/2-1/2

[Event "XI Festival A"]
[Site "Verona ITA"]
[Date "2005.01.08"]
[Round "8"]
[White "Salvador, Roland"]
[Black "Caruso, Augusto"]
[Result "1-0"]
[WhiteElo "2340"]
[BlackElo "2214"]
[PlyCount "51"]
[EventDate "2005.01.02"]

1. c4 e6 2. Nf3 Nf6 3. g3 d5 4. Bg2 c5 5. d4 Nc6 6. cxd5 exd5 7. O-O Be6 8. b3
cxd4 9. Nxd4 Be7 10. Bb2 O-O 11. Nd2 Rc8 12. Nxe6 fxe6 13. Bh3 Qd6 14. e4 Rcd8
15. Qe2 Ne8 16. Rad1 Bf6 17. Nc4 Qe7 18. Ba3 Nb4 19. Bxb4 Qxb4 20. Bxe6+ Kh8
21. exd5 b5 22. Ne5 Nd6 23. Nc6 Qc5 24. Rc1 Qb6 25. Nxd8 Qxd8 26. Rc6 1-0

[Event "XI Festival A"]
[Site "Verona ITA"]
[Date "2005.01.08"]
[Round "8"]
[White "Sbarra, Marco"]
[Black "Trabert, Bettina"]
[Result "1-0"]
[WhiteElo "2204"]
[BlackElo "2357"]
[PlyCount "119"]
[EventDate "2005.01.02"]

1. e4 e5 2. Bc4 Nf6 3. d3 c6 4. Nf3 Be7 5. Bb3 d6 6. O-O Nbd7 7. c3 O-O 8. Re1
Kh8 9. Nbd2 h6 10. Nf1 Ng8 11. d4 g6 12. Ng3 Kh7 13. h3 Bf6 14. Be3 Qe7 15. Qd2
Re8 16. Rad1 Nf8 17. a4 Bg7 18. d5 c5 19. Bc2 Qc7 20. Nh2 Nf6 21. f4 exf4 22.
Bxf4 N8d7 23. Nf3 Ng8 24. Rf1 Ne5 25. Nxe5 Bxe5 26. Bxe5 Rxe5 27. Rf3 f6 28.
Rdf1 Bd7 29. Qf2 a6 30. Ne2 Rf8 31. Nf4 c4 32. Qg3 Qb6+ 33. Kh2 Rg5 34. Qf2
Qxf2 35. R3xf2 Re5 36. Ne2 Kg7 37. Nd4 Rc8 38. a5 Rc5 39. Ra1 Re8 40. Kg3 h5
41. Ba4 Bxa4 42. Rxa4 Kf7 43. Ne6 Rcc8 44. Rb4 Re7 45. Kf4 Rd7 46. Ke3 Ne7 47.
Kd4 f5 48. Rxc4 Rxc4+ 49. Kxc4 Kf6 50. Kd4 b6 51. axb6 Rb7 52. g4 hxg4 53. hxg4
Rxb6 54. g5+ Kf7 55. b4 Ke8 56. e5 Kd7 57. Ra2 Nc6+ 58. dxc6+ Kxe6 59. c7 dxe5+
60. Kc5 1-0

[Event "XI Festival A"]
[Site "Verona ITA"]
[Date "2005.01.08"]
[Round "8"]
[White "Schiraldi, Mauro"]
[Black "Padovani, Alessio"]
[Result "1-0"]
[WhiteElo "2055"]
[BlackElo "2091"]
[PlyCount "135"]
[EventDate "2005.01.02"]

1. d4 f5 2. g3 e6 3. Bg2 Nf6 4. Nf3 Be7 5. O-O O-O 6. c4 d5 7. Nc3 c6 8. Rb1
Bd7 9. b4 Bd6 10. c5 Bc7 11. Ne5 Ne4 12. Qd3 Be8 13. f3 Nxc3 14. Qxc3 Nd7 15.
a4 Nxe5 16. dxe5 Bd7 17. f4 a6 18. Ba3 Re8 19. Rfd1 Qe7 20. Rd2 Red8 21. e3 Qe8
22. Bf3 Qe7 23. Rd3 Qf7 24. Rbd1 Be8 25. R1d2 Rdc8 26. Qb3 Rd8 27. Qd1 Rdc8 28.
Bb2 Qe7 29. Ba3 Qf7 30. Kg2 Kh8 31. Qb3 Kg8 32. b5 axb5 33. axb5 cxb5 34. Rxd5
exd5 35. Bxd5 Bc6 36. e4 Bxd5 37. exd5 Ba5 38. Rc2 b4 39. Bb2 Kh8 40. e6 Qg6
41. d6 Qe8 42. d7 Qe7 43. dxc8=Q+ Rxc8 44. Qd5 Rc6 45. Qxf5 Rxe6 46. Be5 Kg8
47. Qd3 Bc7 48. Bxc7 Qxc7 49. Qc4 Qc6+ 50. Kf2 Kf8 51. Qxb4 Qh1 52. c6+ Kf7 53.
Qxb7+ Re7 54. Qb3+ Kf8 55. Qf3 Qb1 56. Qc3 Qh1 57. c7 Qxh2+ 58. Kf3 Qh5+ 59.
Kg2 Re2+ 60. Kf1 Re8 61. c8=Q Qh1+ 62. Kf2 Qh2+ 63. Kf3 Qh1+ 64. Rg2 Qd1+ 65.
Kf2 Qe2+ 66. Kg1 Qd1+ 67. Kh2 Qh5+ 68. Qh3 1-0